00447 2200169 4500001002100000008004100021035002000062245004700082100002300129260002900152300002100181020002200202084001400224082000800238650001700246990001400263INLIS000000000000544 ind  a0010-0825000078 aBad Boy for Little GirlcCiinderella Sarif aSarif, Ciinderella aJakarta :bBukune,c2016 a326 hlm.c20 cm. a978-602-220-189-2 a895 SAR b a895 aFiksi Remaja a000000714